LEADER 01048nam 2200253la 450 001 9910481850103321 005 20221103091610.0 035 $a(UK-CbPIL)2230612119 035 $a(CKB)5500000000149136 035 $a(EXLCZ)995500000000149136 100 $a20221103d1676 uy | 101 0 $aita 135 $aurcn||||a|bb| 200 13$aLa fiamma volante gran meteora veduta sopra l'Italia la sera de 31 marzo 1676. Speculazioni fisiche, et astronomiche espresse dal dott. Geminiano Montanari . 210 $aBologna $cManolessi (Firm)$d1676 215 $aOnline resource (95, [1] pages, [1] leaf of plates., 4to.) 300 $aReproduction of original in Biblioteca Nazionale Centrale di Firenze. 700 $aMontanari$b Geminiano$f1633-1687.$0120868 801 0$bUk-CbPIL 801 1$bUk-CbPIL 906 $aBOOK 912 $a9910481850103321 996 $aLa fiamma volante gran meteora veduta sopra l'Italia la sera de 31 marzo 1676. Speculazioni fisiche, et astronomiche espresse dal dott. Geminiano Montanari$94541457 997 $aUNINA